Statistics for E.U. Members in 30 Seconds

Click here to take the quiz!

General Stats

  • This quiz has been taken 2,894 times
  • The average score is 12 of 28

Answer Stats

State% Correct
France
87%
Germany
84%
U.K.
81%
Spain
80%
Italy
67%
Portugal
66%
Sweden
62%
Ireland
61%
Belgium
55%
Finland
49%
Poland
48%
Netherlands
46%
Greece
45%
Denmark
43%
Austria
41%
Estonia
31%
Latvia
30%
Luxembourg
28%
Croatia
27%
Lithuania
27%
Hungary
25%
Slovenia
25%
Romania
24%
Slovakia
24%
Bulgaria
22%
Czechia
22%
Malta
17%
Cyprus
16%

Score Distribution

Percentile by Number Answered

Percent of People with Each Score

Your Score History

You have not taken this quiz